[Event "Muscat rapid 3rd"]
[Site "Muscat"]
[Date "2019.02.01"]
[Round "9"]
[White "Hamdouchi, Hicham"]
[Black "Kanwar, Sandeep Singh"]
[Result "1-0"]
[WhiteElo "2584"]
[BlackElo "1742"]
[PlyCount "55"]
[EventDate "2019.01.31"]
[EventType "swiss (rapid)"]
[EventRounds "9"]
[EventCountry "OMN"]
[SourceTitle "EXT 2020"]
[Source "ChessBase"]
[SourceDate "2019.10.17"]
[SourceVersion "1"]
[SourceVersionDate "2019.10.17"]
[SourceQuality "1"]

1. e4 b6 2. d4 Bb7 3. Bd3 Nf6 4. Qe2 e6 5. Nf3 d5 6. e5 Ne4 7. Nbd2 Nxd2 8. Bxd2 c5 9. c3 Be7 10. h4 Nc6 11. Rc1 Qc7 12. b4 c4 13. Bc2 b5 14. a4 a6 15. Ra1 h6 16. h5 Qd8 17. 0-0 0-0 18. Nh2 Re8 19. Qg4 Kh8 20. f4 Ra7 21. axb5 axb5 22. Rxa7 Nxa7 23. f5 Bg5 24. fxe6 fxe6 25. Bxg5 hxg5 26. Rf7 Nc6 27. h6 gxh6 28. Qh5 1-0